书目信息 |
| 题名: |
吴纯强重彩写意山水画技法 2
|
|
| 作者: | 吴纯强 编著 | |
| 分册: | 2 | |
| 出版信息: | 北京 人民美术出版社 2002 |
|
| 页数: | 8页 | |
| 开本: | 38cm | |
| 丛书名: | 良师画室 | |
| 单 册: | ||
| 中图分类: | J212.26 | |
| 科图分类: | ||
| 主题词: | 写意画: 山水画--工笔重彩--技法(美术) , 写意画 , 山水画 , 工笔重彩 | |
| 电子资源: | ||
| ISBN: | 7-102-02585-8 | |
| 000 | 00824nam2 2200277 45 | |
| 001 | 012004000000 | |
| 005 | 20041010144542.94 | |
| 010 | @a7-102-02585-8@dCNY 10.00 | |
| 100 | @a20040804d2002 em y0chiy0121 ea | |
| 101 | 0 | @achi |
| 102 | @aCN@b110000 | |
| 105 | @aa z 000yy | |
| 200 | 1 | @a吴纯强重彩写意山水画技法 2@Awu chun qiang zhong cai xie yi shan shui hua ji fa 2@h2@f吴纯强编著 |
| 210 | @a北京@c人民美术出版社@d2002 | |
| 215 | @a8页@c图@d38cm | |
| 225 | 2 | @a良师画室@dProfessor studio@zeng |
| 410 | 0 | @12001 @a良师画室 |
| 510 | 1 | @aProfessor studio@zeng |
| 606 | 0 | @a写意画: 山水画@x工笔重彩@x技法(美术) |
| 606 | 0 | @a写意画 |
| 606 | 0 | @a山水画 |
| 606 | 0 | @a工笔重彩 |
| 690 | @aJ212.26@v4 | |
| 701 | 0 | @a吴纯强@Awu chun qiang@4编著 |
| 801 | 0 | @aCN@bQSSK@c20041010 |
| 905 | @a10447@dJ212.26@eW750:2 | |
| 吴纯强重彩写意山水画技法 2.2/吴纯强编著.-北京:人民美术出版社,2002 |
| 8页:图;38cm.-(良师画室=Professor studio) |
| ISBN 7-102-02585-8:CNY 10.00 |
| ● |
| 相关链接 |
|
|
|
正题名:吴纯强重彩写意山水画技法 2
索取号:J212.26/W750:2
 
预约/预借
| 序号 | 登录号 | 条形码 | 馆藏地/架位号 | 状态 | 备注 |
| 1 | 398522 | 203985223 | 自科二线404/309社科库 69排2列5层/ [索取号:J212.26/W750:2] | 在馆 | |
| 2 | 398523 | 203985232 | 自科二线404/309社科库 69排2列5层/ [索取号:J212.26/W750:2] | 在馆 | |
| 3 | 398524 | 203985241 | 自科二线404/309社科库 69排2列5层/ [索取号:J212.26/W750:2] | 在馆 | |
| 4 | 398525 | 203985250 | 自科二线404/309社科库 69排2列5层/ [索取号:J212.26/W750:2] | 在馆 | |
| 5 | 398526 | 203985269 | 自科二线404/309社科库 42排2列3层/ [索取号:J212.26/W750:2] | 在馆 |